Statistics for Complete the Card - WWE SummerSlam 2009

Click here to take the quiz!

General Stats

  • This quiz has been taken 254 times
  • The average score is 16 of 20

Answer Stats

Answer% Correct
Jeff Hardy
99%
John Cena
99%
Randy Orton
99%
CM Punk
97%
The Big Show
95%
Chris Jericho
94%
Triple H
92%
Christian
90%
Shawn Michaels
90%
Kane
85%
Cody Rhodes
83%
Ted DiBiase
83%
Rey Mysterio
81%
Dolph Ziggler
78%
Jack Swagger
67%
MVP
62%
William Regal
60%
The Great Khali
59%
JTG
51%
Shad Gaspard
51%

Score Distribution

Percentile by Number Answered

Percent of People with Each Score

Your Score History

You have not taken this quiz